000 00823nam a2200253Ia 4500
003 GCL
008 140319s9999 xx 000 0 ara d
040 _aGCL /
_cGCL
082 0 4 _a953.09565
_bب س
100 1 _aيازيلى قسطنطين
245 1 0 _aسوريا وفلسطين تحت الحكم العثمانى /
_cيازيلى قسطنطين
700 1 _aطارق معصرانى (مترجم)
260 _a[S.N] :
_bدار التقدم ،
_c1989
300 _a357 ص
490 _a
650 0 4 _aالعالم العربى
650 0 4 _aتاريخ
650 0 4 _aدولة المماليك
650 0 4 _aسوريا
650 0 4 _aفلسطين
650 0 4 _aالامبراطورية العثمانية
650 0 4 _aالعالم العربى - تاريخ - العصر العثمانى
942 _2ddc
_cBK
999 _c35227
_d35227